Commission on Faith and Order (Record no. 21)

MARC details
000 -LEADER
fixed length control field 00587nam a2200229 a 4500
020 ## - INTERNATIONAL STANDARD BOOK NUMBER
ISBN
082 00 - DEWEY DECIMAL CLASSIFICATION NUMBER
Classification number 206
Author Cutter WCC5
245 ## - TITLE STATEMENT
Title Commission on Faith and Order
260 ## - PUBLICATION, DISTRIBUTION, ETC. (IMPRINT)
Place of publication New Haven
Name of publisher Yale University Press
Year of publication 1957
300 ## - PHYSICAL DESCRIPTION
Number of Pages 47p
500 ## - GENERAL NOTE
General note includes index and biblioraphy
505 2# - FORMATTED CONTENTS NOTE
Formatted contents note Methodist church west africa
650 ## - SUBJECT ADDED ENTRY--TOPICAL TERM
Topical Term World Council of Churches
942 ## - ADDED ENTRY ELEMENTS (KOHA)
Koha item type Books
Holdings
Collection code Home library Current library Date acquired Cost, normal purchase price Full call number Accession Number Koha item type
  Henry Martyn Institute Library Henry Martyn Institute Library 06/14/2007 100.00 206 WCC5 01968 Books
                   Copyright © 2026 | Henry Martyn Institute | Hyderabad | TS-500052 | INDIA | Implemented by hmi.edu.in
Hit-Count:

Powered by Koha